Primeira Liga Scorers 2013-2014 - Statistics

General Stats
  • This quiz has been taken 49 times
  • The average score is 3 of 10
Answer Stats
Rank Goals Player % Correct
1 20 Jackson Martinez
95%
4 14 Lima
64%
7 11 Rodrigo
52%
5 13 Fredy Montero
36%
2 16 Derley
14%
10 10 Héldon
14%
3 15 Rafael Martins
14%
8 11 Bébé
12%
9 11 Evandro
10%
6 12 Mario Rondon
5%
No matching quizzes found
Score Distribution
Percent of People with Each Score
Percentile by Number Answered
Your Score History
You have not taken this quiz